000 00310cam a22001217a 4500
008 180718b1977 xxu||||| |||| 00| 0 eng d
082 _aB1 W944
100 _aWrong, Dennis H.
245 _aSkeptical sociology
_cby Dennis H. Wrong
260 _aLondon
_bHeinemann
_c1977
300 _a322p.
650 _aSociology
999 _c356625
_d356625